Tác động của di cư trong nước đến giảm nghèo thông qua chuyển dịch cơ cấu lao động và thay đổi vốn nhân lực ở Việt Nam /
Tallennettuna:
| Päätekijä: | |
|---|---|
| Muut tekijät: | |
| Aineistotyyppi: | Artikkeli |
| Kieli: | Vietnamese |
| Aiheet: | |
| Tagit: |
Lisää tagi
Ei tageja, Lisää ensimmäinen tagi!
|
| Thư viện lưu trữ: | Thư viện Trường Đại học Đà Lạt |
|---|
| LEADER | 00783nam a2200253 4500 | ||
|---|---|---|---|
| 001 | DLU190193041 | ||
| 005 | ##20191021 | ||
| 040 | # | # | |a DLU |b vie |
| 041 | # | # | |a vie |
| 044 | # | # | |a vn |
| 100 | # | # | |a Lê Quốc Hội. |
| 245 | # | # | |a Tác động của di cư trong nước đến giảm nghèo thông qua chuyển dịch cơ cấu lao động và thay đổi vốn nhân lực ở Việt Nam / |c Lê Quốc Hội, Nguyễn Thị Hoài Thu. |
| 653 | # | # | |a Di cư trong nước |
| 653 | # | # | |a Giảm nghèo |
| 700 | # | # | |a Nguyễn Thị Hoài Thu. |
| 773 | # | # | |t Kinh tế và phát triển |g Số 258, 2018, tr. 2-11 |
| 994 | # | # | |a DLU |
| 900 | # | # | |a True |
| 911 | # | # | |a Hoàng Thị Huyền |
| 925 | # | # | |a G |
| 926 | # | # | |a A |
| 927 | # | # | |a BB |
| 980 | # | # | |a Thư viện Trường Đại học Đà Lạt |